Nová evropská regulace pro provozování zajištění
Dôvody a spôsob právnej regulácie. Základné princípy a podmienky prevádzkovania zaisťovacích činností. Rozsah pôsobnosti zákona. Finančný dohľad. Opatrenia k náprave. Nároky na rozhodovanie príslušného orgánu. Vzťah k tretím krajinám.
Salvato in:
| Autore principale: | |
|---|---|
| Natura: | Capitolo di libro |
| Lingua: | ceco |
| Soggetti: | |
| Tags: |
Nessun Tag, puoi essere il primo ad aggiungerne!!
|
MARC
| LEADER | 00000naa$a2200000$$$4500 | ||
|---|---|---|---|
| 001 | 0082044 | ||
| 005 | 20231006081048.8 | ||
| 041 | 0 | |a cze | |
| 044 | |a CZ | ||
| 245 | 1 | 0 | |a Nová evropská regulace pro provozování zajištění |c Erika Mačáková |
| 520 | |a Dôvody a spôsob právnej regulácie. Základné princípy a podmienky prevádzkovania zaisťovacích činností. Rozsah pôsobnosti zákona. Finančný dohľad. Opatrenia k náprave. Nároky na rozhodovanie príslušného orgánu. Vzťah k tretím krajinám. | ||
| 610 | 2 | 0 | |a regulácia |
| 610 | 2 | 0 | |a zaistenie |
| 610 | 2 | 0 | |a smernice |
| 610 | 2 | 0 | |a Európska únia |
| 100 | 1 | |a Mačáková, Erika | |